Privatization of council housing in Lusaka, Zambia (Record no. 103343)

MARC details
000 -LEADER
fixed length control field 01358cam a2200301 4500
008 - FIXED-LENGTH DATA ELEMENTS--GENERAL INFORMATION
fixed length control field 040211n2004 000 0 eng u
020 ## - INTERNATIONAL STANDARD BOOK NUMBER
International Standard Book Number 1842191756
020 ## - INTERNATIONAL STANDARD BOOK NUMBER
International Standard Book Number 1842191748
035 ## - SYSTEM CONTROL NUMBER
System control number (Sirsi) u125113
041 ## - LANGUAGE CODE
Language code of text/sound track or separate title eng
050 ## - LIBRARY OF CONGRESS CALL NUMBER
Classification number 306.1096894
-- 18
100 ## - MAIN ENTRY--PERSONAL NAME
Personal name Schlyter, Ann
245 ## - TITLE STATEMENT
Title Privatization of council housing in Lusaka, Zambia
260 ## - PUBLICATION, DISTRIBUTION, ETC.
Place of publication, distribution, etc. London
Name of publisher, distributor, etc. RICS Foundation
Date of publication, distribution, etc. 2004
300 ## - PHYSICAL DESCRIPTION
Extent iii, 16p.
Dimensions 30cm.
490 ## - SERIES STATEMENT
Series statement RICS Foundation Our Common Estate Series
520 ## - SUMMARY, ETC.
Summary, etc. This paper examines the direct effects of privatisation in two council housing areas in Lusaka, Zambia. Provides a short historic review of the colonial and post-colonial housing systems, analyses privatisation as a component in a policy to transform the housing system into a market housing system, and focuses on the relation between central policy formulation and local implementation. References.
520 ## - SUMMARY, ETC.
Summary, etc. ISBN 1842191748 incorrectly printed on inside cover.
650 ## - SUBJECT ADDED ENTRY--TOPICAL TERM
Topical term or geographic name entry element COUNCIL HOUSING
650 ## - SUBJECT ADDED ENTRY--TOPICAL TERM
Topical term or geographic name entry element ZAMBIA
650 ## - SUBJECT ADDED ENTRY--TOPICAL TERM
Topical term or geographic name entry element LUSAKA
650 ## - SUBJECT ADDED ENTRY--TOPICAL TERM
Topical term or geographic name entry element PRIVATISATION
650 ## - SUBJECT ADDED ENTRY--TOPICAL TERM
Topical term or geographic name entry element HOUSING POLICY
690 ## - LOCAL SUBJECT ADDED ENTRY--TOPICAL TERM (OCLC, RLIN)
Topical term or geographic name as entry element HOUSING
710 ## - ADDED ENTRY--CORPORATE NAME
Corporate name or jurisdiction name as entry element Royal Institution of Chartered Surveyors
Subordinate unit Foundation
9 (RLIN) 4173
856 ## - ELECTRONIC LOCATION AND ACCESS
Uniform Resource Identifier <a href="https://www.rics.org/site/scripts/download_info.aspx?downloadID=2100">https://www.rics.org/site/scripts/download_info.aspx?downloadID=2100</a>
Public note View the paper on the RICS Foundation website...
942 ## - ADDED ENTRY ELEMENTS (KOHA)
Suppress in OPAC 0
Holdings
Withdrawn status Lost status Source of classification or shelving scheme Damaged status Not for loan Home library Current library Shelving location Date acquired Total Checkouts Full call number Barcode Date last seen Copy number Price effective from Koha item type
    Dewey Decimal Classification     London London RICS Boxes 13/04/2004   RICS 2004/9 30069099 06/08/2019 1 06/08/2019 Reference material
    Dewey Decimal Classification     London London RICS Boxes 13/04/2004   RICS 2004/9 30069095 06/08/2019 2 06/08/2019 Reference material
    Dewey Decimal Classification     London London RICS Boxes 13/04/2004   RICS 2004/9 30069176 06/08/2019 3 06/08/2019 Book
    Dewey Decimal Classification     Virtual Virtual Online 13/04/2004   ONLINE PUBLICATION 125113-3001 06/08/2019 1 06/08/2019 Book